000 00469nam a2200181Ia 4500
001 21372
005 20260306172914.0
008 260306t2007||||xx |||||||||||||| ||spa||
041 _aESP
082 _a344.6
_bK56
100 _aKindhauser, Urbs
_eAUT
245 0 _aCrítica a la teoría de la imputación objetiva y función del tipo subjetivo
260 _c2007
300 _a126 páginas :
_ccm.
650 _aGEN
654 _aCDE
942 _cLIB
_dJUS
_fJUS
_2ddc
_n
999 _c21372
_d21372